Štátne vedecké knižnice na pomoc poľnohospodárstvu <uznesenie ÚV KSČ a úloha vedeckých knižníc> : referát prednesený na porade riaditeľov vedeckých knižníc v Bratislave dňa 29.sept.1955

Bibliographic Details
Main Author: Dziak, Pavol, 1938-2014 (Author)
Format: Book
Language:Slovak
PhysicalDescription:26 s. V. 8°
Published: Košice ŠVK 1955
Subjects:

MARC

LEADER 00000nam a2200000 a 4500
001 vtls008369701
003 SK-MaSNL
005 20260301123418.0
008 181109s1955 xo slo
015 |a SKSNBA19451955-002335 
035 |a SK01SNKBKSFS20010061918 
035 |a SKM000064381 
040 |a SNK  |b slo  |c SNK  |e AACR2 
041 0 |a slo 
044 |a xo  |c SK 
080 |a 020/027  |2 1981 
100 1 |a Dziak, Pavol,  |d 1938-2014  |4 aut  |9 470334 
245 1 0 |a Štátne vedecké knižnice na pomoc poľnohospodárstvu  |b <uznesenie ÚV KSČ a úloha vedeckých knižníc> : referát prednesený na porade riaditeľov vedeckých knižníc v Bratislave dňa 29.sept.1955  |c P[avol] Dziak 
260 |a Košice  |b ŠVK  |c 1955  |e Košice  |f ŠVK 
300 |a 26 s.  |c V. 8° 
500 |a Rotaprint 
500 |a Ob. tit. 
650 0 7 |a vedecké knižnice  |2 SNKPH  |9 49795 
650 0 7 |a poľnohospodárska literatúra  |2 SNKPH  |9 269050 
655 7 |a referáty  |2 SNKPH  |9 70611 
655 7 |a uznesenia  |2 SNKPH  |9 70216 
958 |a OND 
958 |a RK 
958 |a RM 
999 |c 736124  |d 738054 
952 |a SNK  |b SNK  |y PREZ  |7 0  |p 17A0572249  |o snkSD 12738  |i snk696/57  |0 0  |1 0  |4 0  |d 2007-12-27  |l 0  |r 2025-11-26 00:00:00  |w 2026-02-23